| 000 -ლიდერი |
| ფიქსირებული სიგრძის საკონტროლო ველი |
01207nam a2200265Ia 4500 |
| 001 - საკონტროლო ნომერი |
| საკონტროლო ველი |
11814 |
| 003 - საკონტროლო ნომრის იდენტიფიკატორი |
| საკონტროლო ველი |
GE_BSU |
| 005 - ბოლო ოპერაციის თარიღი და დრო |
| საკონტროლო ველი |
20240627112742.0 |
| 008 - ფიქსირებული სიგრძის მონაცემთა ელემენტები - ზოგადი ინფორმაცია |
| ფიქსირებული სიგრძის საკონტროლო ველი |
181216s2009||||ge |||||||||||||| ||geo|| |
| 020 ## - წიგნის საერთაშორისო სტანდარტული ნომერი |
| International Standard Book Number |
978-9941-0-1859-6 |
| 040 ## - კატალოგიზაციის წყარო |
| Transcribing agency |
GE_BSU |
| 041 ## - ენის კოდი |
| Language code of text/sound track or separate title |
geo |
| 080 ## - უნივერსალური ათობითი კლასიფიკაციის ინდექსი |
| Universal Decimal Classification number |
27-175.2 ვ–25 |
| 100 ## - მთავარი ჩანაწერი - პიროვნების სახელი |
| Personal name |
ვაშაკიძე, გიზო |
| 9 (RLIN) |
18781 |
| 245 ## - ცნობა სათაურის შესახებ |
| Title |
მეშვიდე საყვირი : |
| Remainder of title |
Apokalipse გამოცხადება / |
| Statement of responsibility, etc |
გიზო ვაშაკიძე ; [რედ. : გიორგი ბოჭორიშვილი (მთ. რედ.), მარიამ კიკნაძე]. |
| 264 ## - წარმოების, გამოცემის, დისტრიბუციის და სხვა ცნობები |
| გამოცემის, წარმოების, დისტრიბუციის... ადგილი |
თბილისი : |
| გამოცემის, წარმოების, დისტრიბუციის... თარიღი |
2009. |
| 300 ## - ფიზიკური აღწერა |
| Extent |
83 გვ. ; |
| Dimensions |
20 სმ. |
| 500 ## - ზოგადი შენიშვნა |
| General note |
ყდაზე : მარიამ კიკნაძის ფოტო
|
| 653 ## - INDEX TERM--UNCONTROLLED |
| Uncontrolled term |
Apokalipse გამოცხადება |
| 653 ## - INDEX TERM--UNCONTROLLED |
| Uncontrolled term |
აპოკალიფსი |
| 653 ## - INDEX TERM--UNCONTROLLED |
| Uncontrolled term |
მეშვიდე საყვირი |
| 700 ## - ADDED ENTRY--PERSONAL NAME |
| Personal name |
ბოჭორიშვილი, გიორგი, |
| Relator term |
რედაქტორი |
| 9 (RLIN) |
22608 |
| 700 ## - ADDED ENTRY--PERSONAL NAME |
| Personal name |
კიკნაძე, მარიამ |
| Relator term |
რედაქტორი |
| 9 (RLIN) |
22609 |
| 942 ## - ADDED ENTRY ELEMENTS (KOHA) |
| Koha item type |
წიგნი |
| Source of classification or shelving scheme |
|